[Event "Tourn. n9388"]
[Site "www.chess-mail.com"]
[Date "2017.09.24"]
[Round "1"]
[White "Conde7"]
[Black "Greghghs"]
[WhiteElo "2870"]
[BlackElo "2530"]
[Result "1-0"]
[Round "1"]
1.e4 c6
2.d4 d5
3.e5 Bc8f5
4.g4 Bf5c8
5.Nb1c3 e6
6.Ng1f3 Nb8d7
7.Bc1e3 Ng8e7
8.h4 a6
9.Qd1d2 c5
10.dxc5 Qd8a5
11.Nf3d4 Nd7xe5
12.Bf1e2 Bc8d7
13.O-O-O h5
14.gxh5 O-O-O
15.Be3f4 f6
16.Nd4b3 Qa5c7
17.Be2g4 Rd8e8
18.Rh1e1 g6
19.Nb3d4 Ne7f5
20.b4 Nf5xd4
21.Qd2xd4 Bf8g7
22.Re1g1 gxh5
23.Bg4h3 Re8e7
24.Rg1g3 Rh8d8
25.Rd1g1 Bg7h8
26.b5 axb5
27.Qd4b4 Kb8
28.Kb1 Rd8c8
29.Nc3xb5 Bd7xb5
30.Qb4xb5 Qc7c6
31.Qb5b4 Re7c7
32.Rg3g8 Rc8xg8
33.Rg1xg8 Rc7c8
34.Rg8g3 b6
35.Rg3b3 Qc6xc5
36.Qb4xc5 Rc8xc5
37.Rb3xb6 { resign }
1-0

[Event "Tourn. n9498"]
[Site "www.chess-mail.com"]
[Date "2017.09.24"]
[Round "1"]
[White "Passaroa25"]
[Black "Pachi"]
[WhiteElo "1700"]
[BlackElo "1570"]
[Result "0-1"]
[Round "1"]
1.e4 e5
2.c3 c6
3.f3 d5
4.d3 dxe4
5.dxe4 f5
6.Nb1d2 fxe4
7.Nd2xe4 Bc8f5
8.Ng1e2 Bf5xe4
9.Ne2g3 Be4g6
10.Bf1e2 Qd8h4
11.O-O e4
12.Ng3xe4 Bg6xe4
13.g3 Qh4e7
14.fxe4 Qe7xe4
15.Rf1f4 Bf8c5
16.Kf1 Qe4h1

0-1

[Event "Tourn. n9298"]
[Site "www.chess-mail.com"]
[Date "2017.09.24"]
[Round "1"]
[White "Sorento"]
[Black "Chessington"]
[WhiteElo "1849"]
[BlackElo "1859"]
[Result "0-1"]
[Round "1"]
1.e4 e6
2.d4 d5
3.Nb1c3 Bf8b4
4.e5 c5
5.a3 Bb4xc3
6.bxc3 Qd8a5
7.Bc1d2 Qa5a4
8.Qd1b1 c4
9.Ng1f3 Nb8c6
10.g3 Bc8d7
11.Nf3h4 O-O-O
12.Bf1g2 Ng8e7
13.O-O h6
14.f4 Rh8g8
15.Qb1d1 Rd8f8
16.Qd1c1 b6
17.Ra1b1 f6
18.exf6 Rf8xf6
19.Bg2h3 Kb7
20.Nh4f3 Ne7f5
21.Rf1e1 Rf6f7
22.Qc1b2 Nf5d6
23.Bh3xe6 Bd7xe6
24.Re1xe6 Nd6e4
25.Rb1e1 Rg8d8
26.Re6g6 Rd8d7
27.Rg6e6 Rf7e7
28.Re6xe7 Nc6xe7
29.Re1e2 Ne7f5
30.Bd2c1 Rd7e7
31.Re2e1 Re7e8
32.Nf3e5 Nf5d6
33.Re1e3 h5
34.Kg2 Re8f8
35.Re3f3 Nd6b5
36.h3 Qa4a5
37.Rf3e3 Ne4xc3
38.Bc1d2 Nc3d1
39.Bd2xa5 Nd1xb2
40.Ba5b4 Rf8c8
41.Ne5f7 c3
42.a4 Nb2xa4
43.Nf7d6 Nb5xd6
44.Bb4xd6 Kc6
45.Bd6e5 Rc8g8
46.f5 a5
47.Be5f4 Na4b2
48.Re3xc3 Nb2c4
49.Rc3b3 b5
50.c3 Rg8e8
51.Kf2 a4
52.Rb3b1 Re8f8
53.g4 hxg4
54.hxg4 g6
55.Bf4h6 Rf8h8
56.Bh6g7 Rh8e8
57.fxg6 Re8e6
58.Bg7h6 Re6xg6
59.g5 Nc4d6
60.Rb1h1 Nd6e4
61.Ke3 Rg6g8
62.Rh1f1 Ne4xg5
63.Rf1f6 Kb7
64.Bh6xg5 Rg8xg5
65.Kd3 Rg5g2
66.Rf6f7 Kc6
67.Rf7f6 Kd7
 { time }
0-1

[Event "Match"]
[Site "www.echecsemail.com"]
[Date "2017.09.24"]
[Round "1"]
[White "Chapi"]
[Black "Apdash"]
[WhiteElo "2180"]
[BlackElo "1920"]
[Result "1-0"]
[Round "1"]
1.d4 d5
2.c4 Ng8f6
3.Nb1c3 e6
4.Bc1g5 dxc4
5.e4 h6
6.Bg5h4 Bf8e7
7.Bf1xc4 Nb8c6
8.Ng1f3 a6
9.O-O O-O
10.Bh4g3 b5
11.Bc4b3 Nc6a5
12.Bb3c2 Na5c4
13.b3 Nc4a3
14.Bc2d3 c5
15.dxc5 Be7xc5
16.Bg3h4 Bc5e7
17.Nf3e5 Qd8c7
18.Ne5g4 Qc7xc3
19.Ra1c1 Qc3b2
20.e5 Nf6d5
21.Bh4xe7 Nd5xe7
22.Ng4xh6 gxh6
23.Qd1g4 Kh8
24.Qg4e4 Ne7f5
25.Qe4xa8 Nf5e7
26.Qa8e4 Ne7g6
27.Rf1e1 b4
28.Qe4xb4 Rf8d8
29.Bd3xg6 fxg6
30.Re1d1 Rd8e8
31.Qb4f4 { resign }
1-0

[Event "Match"]
[Site "www.echecsemail.com"]
[Date "2017.09.24"]
[Round "1"]
[White "Cjood"]
[Black "Paco"]
[WhiteElo "1960"]
[BlackElo "1960"]
[Result "0-1"]
[Round "1"]
1.d4 d5
2.Nb1c3 Ng8f6
3.Bc1f4 Bc8f5
4.e3 e6
5.Nc3b5 Nb8a6
6.Ng1f3 c6
7.Nb5c3 Na6b4
8.Bf1d3 Qd8b6
9.O-O Bf8e7
10.Bd3xf5 exf5
11.a3 Nb4a6
12.b4 O-O
13.Nc3a4 Qb6b5
14.Na4c3 Qb5c4
15.Qd1d2 Nf6e4
16.Nc3xe4 dxe4
17.Nf3e5 Qc4d5
18.c4 Qd5e6
19.b5 cxb5
20.cxb5 Na6c7
21.Rf1c1 Nc7xb5
22.d5 Qe6d6
23.Ne5xf7 Qd6g6
24.Nf7e5 Qg6e8
25.Rc1b1 a6
26.a4 Nb5d6
27.Rb1c1 g5
28.Bf4g3 Be7f6
29.Qd2d4 f4
30.exf4 gxf4
31.Bg3xf4 Bf6g7
32.Rc1c7 Rf8xf4
33.g3 Rf4f5
34.Rc7xg7 Kxg7
35.Ne5g4 Kg6
36.Qd4b6 Rf5xd5
37.Qb6e3 Rd5g5
38.Qe3f4 Qe8f8
39.Ng4e5 Rg5xe5
40.Qf4xe5 Ra8e8
41.Qe5b2 Qf8f7
42.Ra1e1 Nd6c4
43.Qb2d4 Qf7e6
44.f4 e3
45.Qd4c5 h6
46.f5 Qe6xf5
47.Qc5xc4 Qf5f2
48.Kh1 Qf2xe1
49.Kg2 Qe1f2
50.Kh3 Qf2f5
{ resign }
0-1

[Event "Match"]
[Site "www.echecsemail.com"]
[Date "2017.09.24"]
[Round "1"]
[White "Begory"]
[Black "Jc7325"]
[WhiteElo "999"]
[BlackElo "1499"]
[Result "1-0"]
[Round "1"]
1.d4 d5
2.Bc1f4 Ng8f6
3.Nb1c3 h6
4.Nc3b5 e5
5.dxe5 c6
6.exf6 cxb5
7.Ng1f3 Qd8xf6
8.Bf4e5 Qf6c6
9.e3 Bf8b4
10.c3 O-O
11.cxb4 Nb8d7
12.Ra1c1 Qc6b6
13.Qd1b3 Nd7xe5
14.Nf3xe5 Bc8e6
15.Qb3d3 f6
16.Ne5d7 Be6xd7
17.Qd3xd5 Bd7e6
18.Qd5xb5 Qb6d8
19.Bf1c4 Be6xc4
20.Qb5xc4 Kh8
21.O-O Ra8c8
22.Qc4d4 Qd8e7
23.a3 Rf8d8
24.Rc1xc8 { resign }
1-0

[Event "Match"]
[Site "www.echecsemail.com"]
[Date "2017.09.24"]
[Round "1"]
[White "Cjood"]
[Black "Aiko1603"]
[WhiteElo "1940"]
[BlackElo "1980"]
[Result "1/2-1/2"]
[Round "1"]
1.d4 Ng8f6
2.c4 d6
3.Nb1c3 g6
4.Qd1c2 Bf8g7
5.g3 O-O
6.Bf1g2 c6
7.e4 e5
8.dxe5 dxe5
9.Bc1g5 Qd8c7
10.f4 exf4
11.Bg5xf4 Qc7e7
12.O-O-O Nb8a6
13.Bf4d6 Qe7e8
14.Bd6xf8 Qe8xf8
15.e5 Nf6g4
16.Rd1e1 Na6b4
17.Qc2d1 Bg7h6
18.Kb1 Bc8f5
19.Nc3e4 Ng4f2
20.Qd1f3 Bf5xe4
21.Re1xe4 Nf2xe4
22.Qf3xe4 Ra8d8
23.Ng1f3 Qf8c5
24.e6 Rd8e8
25.exf7 { draw }
1/2-1/2

[Event "1/128 Finale"]
[Site "www.chess-mail.com"]
[Date "2017.09.24"]
[Round "1"]
[White "Mitja"]
[Black "Theo64"]
[WhiteElo "2080"]
[BlackElo "1729"]
[Result "0-1"]
[Round "1"]
1.d4 Ng8f6
2.e3 c5
3.dxc5 Qd8a5
4.c3 Qa5xc5
5.Ng1e2 d5
6.h3 e5
7.Nb1d2 Nb8c6
8.Nd2b3 Qc5b6
9.Ne2g3 Bc8d7
10.Bf1e2 Bf8d6
11.Be2f3 e4
12.Bf3e2 O-O
13.Nb3d4 Nc6xd4
14.Qd1xd4 Bd6c5
15.Qd4d2 Bd7c6
16.O-O Ra8e8
17.b4 Bc5d6
18.Bc1b2 Nf6d7
19.a3 f5
20.Rf1d1 f4
21.exf4 Bd6xf4
22.Qd2d4 Bf4e5
23.Qd4xb6 Nd7xb6
24.Ra1b1 Be5xg3
25.fxg3 Nb6c4
26.Be2xc4 dxc4
27.Rd1f1 Rf8xf1
28.Rb1xf1 Re8d8
29.Rf1f2 e3
30.Rf2e2 Rd8d2
31.Kf1 Bc6e4
32.Bb2c1 Rd2d1
33.Re2e1 Be4d3
{ resign }
0-1

[Event "Eq:Super Chess Team-Slap Shot Mates : "]
[Site "www.chess-mail.com"]
[Date "2017.09.24"]
[Round "1"]
[White "Jpmartinez"]
[Black "Corr"]
[WhiteElo "2590"]
[BlackElo "1950"]
[Result "1/2-1/2"]
[Round "1"]
1.Ng1f3 Ng8f6
2.c4 g6
3.g3 Bf8g7
4.Bf1g2 O-O
5.O-O c5
6.Nb1c3 d5
7.cxd5 Nf6xd5
8.Nc3xd5 Qd8xd5
9.d3 Nb8c6
10.Bc1e3 Bg7xb2
11.Ra1b1 Bb2f6
12.Qd1a4 Qd5d6
13.Nf3d2 Nc6d4
14.Be3xd4 Qd6xd4
15.Qa4xd4 cxd4
16.Bg2xb7 Ra8b8
17.Bb7xc8 Rf8xc8
18.Nd2c4 h5
19.Kg2 Kg7
20.Kf3 e6
21.a4 Bf6e7
22.Ke4 Be7c5
23.Rf1c1 f5
24.Ke5 Kf7
25.h4 Ke7
26.Rb1xb8 Rc8xb8
27.Nc4a5 Rb8c8
28.Na5b3 Bc5d6
29.Kxd4 Rc8xc1
30.Nb3xc1 Bd6c7
31.Ke3 e5
32.Nc1b3 Ke6
33.Kd2 Kd5
34.e3 Bc7d8
35.Kc3 Bd8e7
36.Nb3c1 a5
37.Nc1a2 g5
38.hxg5 Be7xg5
39.Na2c1 Bg5f6
40.Nc1b3 e4
41.Kd2 h4
42.gxh4 Bf6xh4
43.Nb3xa5 Bh4xf2
44.Na5b3 { draw }
1/2-1/2

[Event "Tourn. n9535"]
[Site "www.chess-mail.com"]
[Date "2017.09.25"]
[Round "1"]
[White "Rons"]
[Black "Fantomas"]
[WhiteElo "2600"]
[BlackElo "2190"]
[Result "1-0"]
[Round "1"]
1.e4 c5
2.Ng1f3 d6
3.d4 cxd4
4.Nf3xd4 Ng8f6
5.Nb1c3 Bc8d7
6.Bc1g5 e6
7.Nd4b5 Bd7xb5
8.Bf1xb5 Nb8d7
9.Qd1f3 Bf8e7
10.e5 dxe5
11.Bg5xf6 { resign }
1-0

[Event "Tourn. n9502"]
[Site "www.chess-mail.com"]
[Date "2017.09.25"]
[Round "1"]
[White "Krystek23"]
[Black "Thrillerfan"]
[WhiteElo "2360"]
[BlackElo "2340"]
[Result "1-0"]
[Round "1"]
1.Ng1f3 Ng8f6
2.g3 g6
3.Bf1g2 Bf8g7
4.c4 d6
5.O-O O-O
6.Nb1c3 c6
7.d4 Qd8a5
8.e4 Bc8g4
9.Qd1b3 Nf6d7
10.Qb3xb7 Bg4xf3
11.Bg2xf3 Bg7xd4
12.Qb7xa8 Qa5a6
13.c5  { time }
1-0

[Event "Tourn. n9497"]
[Site "www.chess-mail.com"]
[Date "2017.09.25"]
[Round "1"]
[White "Welberth"]
[Black "Llcervello"]
[WhiteElo "1900"]
[BlackElo "1650"]
[Result "1-0"]
[Round "1"]
1.d4 d5
2.e4 dxe4
3.f3 f5
4.fxe4 fxe4
5.Qd1h5 g6
6.Qh5d1 Ng8f6
7.Nb1c3 Bc8f5
8.Bf1c4 c6
9.Ng1e2 Nf6g4
10.Ne2g3 h5
11.O-O Qd8c7
12.Bc1f4 Qc7d7
13.Nc3xe4 b5
14.Bc4b3 Bf8h6
15.Ne4c5 Qd7d8
16.Ng3xf5 gxf5
17.Bf4xh6 Rh8xh6
18.Qd1d3 Qd8d6
19.g3 e6
20.Bb3xe6 a6
21.Ra1e1 Ra8a7
22.Be6d7 Kd8
23.Re1e8 Kc7
24.a4 Nb8xd7
25.Nc5xd7 Qd6xd7
26.Rf1e1 Kb6
27.a5 Kxa5
28.Qd3c3 Kb6
29.Qc3c5 Kc7
30.Qc5xa7 Kd6
31.Qa7c5 Kc7
32.Re1e7 Qd7xe7
33.Re8xe7 Kd8
34.Qc5a7 { resign }
1-0

[Event "Tourn. n9521"]
[Site "www.chess-mail.com"]
[Date "2017.09.25"]
[Round "1"]
[White "Osopanda"]
[Black "Caspito"]
[WhiteElo "1720"]
[BlackElo "1880"]
[Result "0-1"]
[Round "1"]
1.e4 e5
2.Ng1f3 Nb8c6
3.Bf1b5 a6
4.Bb5a4 b5
5.Ba4b3 Bc8b7
6.c3 Ng8f6
7.O-O Nf6xe4
 { time }
0-1

[Event "Tourn. n9377"]
[Site "www.chess-mail.com"]
[Date "2017.09.25"]
[Round "1"]
[White "Jose"]
[Black "Seger"]
[WhiteElo "2810"]
[BlackElo "2650"]
[Result "1/2-1/2"]
[Round "1"]
1.e4 d6
2.d4 g6
3.Nb1c3 Bf8g7
4.Bc1e3 Ng8f6
5.Qd1d2 c6
6.f3 b5
7.g4 h5
8.g5 Nf6d7
9.f4 b4
10.Nc3d1 c5
11.Ng1f3 O-O
12.a3 cxd4
13.Nf3xd4 e5
14.Nd4b5 exf4
15.Be3xf4 Nd7e5
16.Qd2xd6 Nb8c6
17.axb4 Bc8g4
18.Qd6xd8 Ra8xd8
19.Bf1e2 Ne5f3
20.Kf2 f6
21.Be2c4 Kh7
22.Bf4d6 fxg5
23.Bd6xf8 Rd8xf8
24.Nd1e3 Bg7xb2
25.Ra1a2 Nf3e5
26.Ke1 Bg4f3
27.Ra2xb2 Bf3xh1
28.Bc4e2 Rf8d8
29.Rb2a2 Kh6
30.c3 Bh1xe4
31.Nb5xa7 Ne5d3
32.Be2xd3 Rd8xd3
33.Ne3c4 Rd3xc3
34.Na7xc6 Rc3xc4
35.Nc6e5 Rc4xb4
36.Ne5f7 Kg7
37.Nf7xg5 Be4b7
38.Ra2a5 Rb4b2
39.h3 Kf6
40.Ng5h7 Kg7
41.Nh7g5 h4
42.Ra5a7 Kf6
43.Ra7a5 Rb2b4
44.Kf2 Bb7c8
45.Ng5h7 Kg7
46.Nh7g5 Bc8f5
47.Ra5a3 Kh6
48.Ng5f7 Kh5
49.Ra3a8 Bf5xh3
50.Ra8h8 Kg4
51.Nf7e5 Kf5
52.Ne5f3 Rb4b2
53.Ke3 g5
54.Nf3xh4 { draw }
1/2-1/2

[Event "Tourn. n9502"]
[Site "www.chess-mail.com"]
[Date "2017.09.25"]
[Round "1"]
[White "Thrillerfan"]
[Black "Sachpat"]
[WhiteElo "2350"]
[BlackElo "2800"]
[Result "0-1"]
[Round "1"]
1.e4 c5
2.Ng1f3 d6
3.d4 cxd4
4.Nf3xd4 Ng8f6
5.f3 Nb8c6
6.c4 Qd8b6
7.Nd4c2 g6
8.Nb1c3 Bf8g7
9.Ra1b1 Nf6g4
10.Qd1d2 Ng4f6
 { time }
0-1

[Event "Tourn. n9487"]
[Site "www.chess-mail.com"]
[Date "2017.09.25"]
[Round "1"]
[White "Churrasca"]
[Black "Claymil"]
[WhiteElo "1910"]
[BlackElo "2080"]
[Result "0-1"]
[Round "1"]
1.e4 c5
2.Ng1f3 Nb8c6
3.d4 cxd4
4.Nf3xd4 g6
5.Nb1c3 Bf8g7
6.Bc1e3 a6
7.Bf1c4 e6
8.O-O Ng8e7
9.Qd1d2 O-O
10.Ra1d1 Nc6e5
11.Bc4b3 b5
12.a3 Bc8b7
13.Be3h6 Ra8c8
14.Bh6xg7 Kxg7
15.f4 Ne5c4
16.Bb3xc4 Rc8xc4
17.f5 exf5
18.exf5 f6
19.Nd4e6 dxe6
20.Qd2xd8 Rf8xd8
21.Rd1xd8 Bb7d5
22.fxe6 Bd5xe6
23.Rd8a8 Rc4c6
24.Rf1e1 Ne7f5
25.Ra8e8 Be6f7
26.Re8d8 Bf7c4
27.g4 Nf5h4
28.Re1e7 Kh6
29.Rd8d7 Nh4f3
30.Kf2 Nf3h4
31.Re7xh7 Kg5
32.Kg3 Rc6e6
33.Nc3d5 f5
34.Rh7xh4 f4
35.Kh3 Bc4f1
{ resign }
0-1

[Event "Tourn. n9509"]
[Site "www.chess-mail.com"]
[Date "2017.09.25"]
[Round "1"]
[White "Fantomas"]
[Black "Seger"]
[WhiteElo "2200"]
[BlackElo "2710"]
[Result "0-1"]
[Round "1"]
1.Ng1f3 d5
2.d4 c5
3.e3 Ng8f6
4.Bf1e2 g6
5.c3 Bf8g7
6.dxc5 Nf6e4
7.Qd1a4 Bc8d7
8.Qa4a3 Qd8c7
9.b4 a5
10.Nf3d4 O-O
11.f3 Ne4f6
12.Qa3b3 axb4
13.cxb4 b6
14.cxb6 Qc7xc1
{ resign }
0-1

[Event "Tourn. n9509"]
[Site "www.chess-mail.com"]
[Date "2017.09.25"]
[Round "1"]
[White "Fantomas"]
[Black "Szustan"]
[WhiteElo "2200"]
[BlackElo "2530"]
[Result "0-1"]
[Round "1"]
1.Ng1f3 Nb8c6
2.g3 e5
3.d3 d5
4.Bf1g2 Ng8f6
5.O-O Bf8e7
6.b3 O-O
7.Bc1b2 e4
8.dxe4 Nf6xe4
9.Nb1d2 Be7f6
10.Bb2xf6 Ne4xf6
11.c3 Rf8e8
12.Rf1e1 Bc8g4
13.Qd1c2 Qd8d7
14.e3 Bg4f5
15.Qc2b2 Ra8d8
16.Nf3d4 Nf6e4
17.Nd4xf5 Qd7xf5
18.Nd2f3 Qf5f6
19.Nf3d4 Nc6e5
20.f3 Ne5d3
{ resign }
0-1

[Event "Tourn. n9464"]
[Site "www.chess-mail.com"]
[Date "2017.09.25"]
[Round "1"]
[White "Redapond1"]
[Black "Roque1"]
[WhiteElo "1830"]
[BlackElo "1970"]
[Result "0-1"]
[Round "1"]
1.d4 d5
2.Bc1f4 Nb8c6
3.Nb1c3 e6
4.e3 Ng8f6
5.Nc3b5 Bf8d6
6.Bf4g5 O-O
7.c3 Bc8d7
8.Qd1f3 Nc6a5
9.Bg5xf6 Qd8xf6
10.Qf3xf6 gxf6
11.Nb5xd6 cxd6
12.Ng1f3 Kh8
13.Bf1d3 Rf8g8
14.O-O Rg8g7
15.e4 Ra8g8
16.b4 Rg7xg2
17.Kh1 Na5c6
18.b5 Nc6e7
 { time }
0-1

[Event "Tourn. n9502"]
[Site "www.chess-mail.com"]
[Date "2017.09.25"]
[Round "1"]
[White "Krystek23"]
[Black "Coolant"]
[WhiteElo "2360"]
[BlackElo "2290"]
[Result "1-0"]
[Round "1"]
1.c4 Ng8f6
2.Nb1c3 d6
3.g3 Nb8d7
4.Bf1g2 g6
5.Ng1f3 Bf8g7
6.d4 O-O
7.e4 e5
8.O-O c6
9.Qd1c2 Qd8e7
10.h3 Nf6h5
11.d5 c5
12.Bc1e3 f5
13.exf5 gxf5
14.Nf3g5 Nd7f6
15.Ra1e1 Ra8b8
16.Qc2d1 h6
17.Ng5f3 e4
18.Nf3h4 Kh7
19.Qd1c2 Bc8d7
20.Be3d2 b5
21.Nc3xb5 Bd7xb5
22.cxb5 Qe7e5
23.g4 fxg4
24.Re1xe4 Nf6xe4
25.Bg2xe4 Kg8
26.Be4h7 Kf7
27.Nh4g6 Qe5xb2
28.Qc2f5 Ke8
29.Qf5e6 { resign }
1-0

[Event "Tourn. n9504"]
[Site "www.chess-mail.com"]
[Date "2017.09.25"]
[Round "1"]
[White "Mitja"]
[Black "Ssharp"]
[WhiteElo "2090"]
[BlackElo "2190"]
[Result "0-1"]
[Round "1"]
1.d4 e6
2.e3 d5
3.c3 c5
4.dxc5 Bf8xc5
5.Nb1d2 Ng8f6
6.Nd2b3 Bc5e7
7.Ng1f3 Nb8c6
8.Nb3d4 Bc8d7
9.Nd4xc6 Bd7xc6
10.Nf3d4 O-O
11.Nd4xc6 bxc6
12.b3 Ra8b8
13.Bc1b2 c5
14.Ra1b1 Qd8b6
15.Bf1e2 Rf8d8
16.O-O Rd8d7
17.Qd1c2 Rb8d8
18.Rf1d1 a5
19.h3 h6
20.c4 d4
21.exd4 cxd4
22.Kh1 e5
23.Qc2f5 g6
24.Qf5f3 e4
25.Qf3f4 Kh7
26.Be2f1 Qb6e6
27.Bb2c1 g5
28.Qf4h2 Kg6
29.g3 Nf6h5
30.g4 Nh5g7
31.Bf1g2 f5
32.gxf5 Ng7xf5
33.Rd1e1 Be7d6
34.Qh2g1 e3
35.fxe3 Nf5g3
36.Kh2 Ng3e2
{ resign }
0-1

[Event "Tourn. n9512"]
[Site "www.chess-mail.com"]
[Date "2017.09.25"]
[Round "1"]
[White "Bigrezi"]
[Black "Biggles"]
[WhiteElo "2120"]
[BlackElo "2130"]
[Result "1-0"]
[Round "1"]
1.e4 e5
2.Ng1f3 Nb8c6
3.Bf1b5 Bf8c5
4.O-O Nc6d4
5.Nf3xd4 exd4
6.c3 c6
7.Bb5d3 d5
8.exd5 Qd8xd5
9.Rf1e1 Bc8e6
10.b4 Bc5b6
11.c4 Qd5d7
12.Nb1a3 Ng8f6
13.Na3c2 O-O
14.Bc1b2 c5
15.bxc5 Bb6xc5
16.Qd1f3 Ra8e8
17.Qf3f4 Nf6g4
18.h3 Ng4f6
19.Nc2xd4 Bc5d6
20.Qf4f3 Re8e7
21.Nd4b5 Re7e8
22.Nb5xd6 Qd7xd6
23.Bb2e5 Qd6d8
24.Be5xf6 Qd8xf6
25.Qf3xf6 gxf6
26.Bd3f1 Re8c8
27.d3 Rf8d8
28.Ra1c1 b6
29.Rc1c3 Kg7
30.Rc3a3 Rc8c7
31.Re1e4 Rc7d7
32.Re4f4 Kg6
33.Ra3b3 Be6f5
34.d4 Rd7xd4
35.Rb3g3 Kh5
36.Rf4xf5 Kh6
37.Bf1e2 Rd4d1
38.Kh2 { resign }
1-0

[Event "Tourn. n9505"]
[Site "www.chess-mail.com"]
[Date "2017.09.25"]
[Round "1"]
[White "Dussek"]
[Black "Odin"]
[WhiteElo "1880"]
[BlackElo "1790"]
[Result "1-0"]
[Round "1"]
1.Ng1f3 Ng8f6
2.d4 d5
3.Bc1g5 Nb8d7
4.e3 Nf6e4
5.Bg5f4 c5
6.c3 g6
7.Nb1d2 Bf8g7
8.Bf1d3 c4
9.Bd3c2 Nd7f6
10.h3 Bc8d7
11.O-O O-O
12.b3 Ne4xc3
13.Qd1e1 Nf6e4
14.Nd2xe4 Nc3xe4
15.bxc4 e6
16.cxd5 exd5
17.Nf3e5 Bd7f5
18.Bc2b3 Rf8e8
19.f3 Ne4d6
20.Bb3xd5 Qd8c8
21.Ra1c1 Qc8b8
22.Ne5xf7 Bf5e6
23.Bf4xd6 Be6xd5
24.Bd6xb8 Ra8xb8
25.Nf7d6 Re8e7
26.Rc1c5 Bd5xa2
27.Qe1a1 Ba2d5
28.Rc5xd5 Kh8
29.Qa1xa7 Rb8f8
30.Nd6xb7 Rf8e8
31.e4 h5
32.Qa7a6 Re7e6
33.Nb7d6 Re8e7
34.Qa6c8 Kh7
35.Rf1c1 Bg7h8
36.Rc1c7 Bh8f6
37.Rc7xe7 Re6xe7
38.Nd6e8 Bf6g5
39.Rd5xg5 { resign }
1-0

[Event "Tourn. n9436"]
[Site "www.chess-mail.com"]
[Date "2017.09.25"]
[Round "1"]
[White "Cal"]
[Black "Ztornad"]
[WhiteElo "1700"]
[BlackElo "1580"]
[Result "1-0"]
[Round "1"]
1.c4 e6
2.e4 c5
3.Ng1f3 g5
4.h3 Bf8g7
5.d3 Qd8b6
6.Nb1c3 Bg7xc3
7.bxc3 d6
8.Bf1e2 h6
9.O-O Bc8d7
10.a3 e5
11.Bc1e3 Ng8f6
12.Nf3h2 h5
13.Be3xg5 Nf6h7
14.Bg5h4 Nb8c6
15.Be2xh5 Bd7e6
16.Qd1f3 Nc6d8
17.Ra1b1 Qb6c7
18.Bh5g4 Rh8g8
19.Bg4xe6 Nd8xe6
20.d4 cxd4
21.cxd4 Ne6xd4
22.Qf3d3 Ra8b8
23.f4 Nd4e6
24.f5 Ne6d4
25.Nh2g4 a6
26.Ng4h6 Rg8g7
27.f6 Rg7g6
28.Nh6f5 Nd4xf5
29.Rf1xf5 Qc7c5
30.Kh2 Kd7
31.g4 b6
32.a4 Nh7f8
33.Bh4f2 Qc5c6
34.a5 b5
35.Rf5xe5 Nf8e6
36.c5 Ne6xc5
37.Re5e7 Kc8
38.Rb1c1 Rg6xf6
39.Bf2xc5 Kd8
40.Bc5b6 Rb8xb6
41.Rc1xc6 Rb6xc6
42.Re7a7 Rf6f2
43.Kg3 Rf2c2
44.Kh4 Rc2c3
{ time. }
1-0

[Event "Match"]
[Site "www.echecsemail.com"]
[Date "2017.09.25"]
[Round "1"]
[White "Bojan"]
[Black "Ssharp"]
[WhiteElo "2000"]
[BlackElo "2210"]
[Result "0-1"]
[Round "1"]
1.e4 e5
2.Ng1f3 Nb8c6
3.c3 Ng8f6
4.Bf1b5 d6
5.d3 Bc8d7
6.Qd1b3 Bf8e7
7.Nf3g5 O-O
8.Qb3d1 h6
9.Ng5h3 a6
10.Bb5c4 b5
11.Bc4b3 Nc6a5
12.Bb3c2 c5
13.b4 cxb4
14.cxb4 Na5c6
15.a3 Bd7xh3
16.gxh3 Ra8c8
17.Nb1d2 Qd8d7
18.Bc1b2 Qd7xh3
19.Nd2f3 Nf6g4
20.Qd1e2 Kh8
21.O-O-O a5
22.Bb2c3 axb4
23.axb4 d5
24.exd5 Nc6xb4
25.Kb2 Rc8xc3
26.Kxc3 Rf8c8
27.Kb3 Rc8xc2
28.Qe2e1 Qh3xf3
29.Rd1d2 Qf3xd5
{ resign }
0-1

[Event "Match"]
[Site "www.echecsemail.com"]
[Date "2017.09.25"]
[Round "1"]
[White "Iko"]
[Black "Bstev"]
[WhiteElo "1610"]
[BlackElo "1799"]
[Result "0-1"]
[Round "1"]
1.e4 e5
2.Ng1f3 Nb8c6
3.Bf1b5 a6
4.Bb5xc6 dxc6
5.Nf3xe5 Qd8d4
6.f4 Qd4xe4
7.Qd1e2 Qe4xe2
8.Kxe2 Bc8f5
9.Nb1a3 Bf8xa3
10.bxa3 Bf5xc2
11.d4 Ra8d8
12.Bc1e3 f5
13.Ra1c1 Bc2e4
14.Rh1g1 Ng8f6
15.Rc1c5 Ke7
16.Rg1b1 Be4xb1
17.a4 Rd8d5
18.Rc5c1 Bb1e4
19.Rc1c4 Nf6d7
20.g3 Nd7xe5
21.fxe5 c5
22.dxc5 Be4d3
23.Kf3 Bd3xc4
24.Kf4 Ke6
25.h4 Rd5xe5
26.a3 Re5xe3
27.Kxe3 Ke5
28.h5 Rh8d8
29.a5 Rd8d3
30.Kf2 Ke4
31.a4 f4
32.g4 Rd3d2
33.Ke1 Ke3
34.g5 f3
35.c6 f2

0-1

[Event "Match"]
[Site "www.echecsemail.com"]
[Date "2017.09.25"]
[Round "1"]
[White "Cjood"]
[Black "Caspito"]
[WhiteElo "1980"]
[BlackElo "1890"]
[Result "0-1"]
[Round "1"]
1.d4 g6
2.c4 Bf8g7
3.b4 Ng8f6
4.a4 d6
5.Bc1b2 O-O
6.f3 c6
7.h4 b6
8.Nb1c3 Nf6h5
9.Nc3e4 Nb8d7
10.e3 Nd7f6
11.Ne4xf6 Nh5xf6
12.Bf1d3 Nf6h5
13.Ng1e2 Qd8c7
14.g4 Nh5f6
15.Ne2f4 e5
16.dxe5 dxe5
17.Nf4h3 Bc8b7
18.e4 a6
19.g5 Nf6h5
20.Rh1g1 Ra8d8
21.Ra1b1 Rd8d7
22.Qd1e2 c5
23.bxc5 bxc5
24.Bb2c3 Bb7c8
25.Bd3c2 Rd7d6
26.Nh3f2 Nh5f4
27.Qe2f1 Bc8e6
28.Nf2d3 Be6xc4
29.Rb1d1 Rf8d8
30.Qf1f2 Bc4xd3
31.Bc2b3 Nf4h3
32.Qf2g3 Nh3xg1
33.Qg3xg1 c4
34.Bb3a2 Bd3c2
35.Rd1xd6 Qc7xd6
36.Ba2xc4 Qd6d1
37.Kf2 Qd1xg1
38.Kxg1 Rd8c8
39.Bc4xf7 Kxf7
40.Bc3b4 Bc2xa4
41.Bb4d2 Rc8c2
42.Bd2b4 h6
43.gxh6 Bg7xh6
{ resign }
0-1

[Event "Match"]
[Site "www.echecsemail.com"]
[Date "2017.09.25"]
[Round "1"]
[White "Ranjachess"]
[Black "Rindrandria"]
[WhiteElo "1880"]
[BlackElo "1720"]
[Result "0-1"]
[Round "1"]
1.d4 e6
2.a3 g5
3.e4 Bf8g7
4.Qd1g4 Bg7h6
5.h4 Ng8f6
6.Bc1xg5 Bh6xg5
7.hxg5 Nf6xg4
8.Ng1f3 c6
9.Nb1c3 b5
10.b4 Bc8b7
11.O-O-O Ng4xf2
12.Bf1d3 Qd8b6
13.Rh1h5 Nf2xd1
14.Kxd1 a5
15.Nf3h4 axb4
16.axb4 Qb6xd4
17.Nc3e2 Qd4xb4
18.e5 Ra8a1
19.Ne2c1 Qb4g4
20.Bd3e2 Qg4f4
21.Be2f3 Ra1xc1
22.Ke2 Rc1xc2
23.Ke1 Qf4d2
24.Kf1 Qd2f2

0-1

[Event "Match"]
[Site "www.echecsemail.com"]
[Date "2017.09.25"]
[Round "1"]
[White "Jc7325"]
[Black "Dussek"]
[WhiteElo "1499"]
[BlackElo "1830"]
[Result "0-1"]
[Round "1"]
1.d4 d5
2.c4 c6
3.e3 Ng8f6
4.Bf1d3 dxc4
5.Bd3xc4 Bc8f5
6.Nb1c3 e6
7.Ng1e2 Nb8d7
8.O-O Bf8d6
9.a3 O-O
10.b4 Nf6e4
11.f3 Ne4xc3
12.Ne2xc3 Nd7b6
13.Bc4d3 Qd8h4
14.e4 Qh4xh2
15.Kf2 Bd6g3
16.Ke2 Qh2xg2
{ resign }
0-1

[Event "Match"]
[Site "www.echecsemail.com"]
[Date "2017.09.25"]
[Round "1"]
[White "Bjonil60"]
[Black "Squeakysquaw"]
[WhiteElo "1470"]
[BlackElo "1499"]
[Result "0-1"]
[Round "1"]
1.d4 Ng8f6
2.Ng1f3 e6
3.h3 d5
4.e3 a6
5.Nb1c3 Nb8c6
6.g3 Nf6e4
7.Nc3xe4 dxe4
8.Nf3h2 b6
9.a3 Bc8b7
10.Nh2g4 Bf8d6
11.Bf1g2 Nc6a7
12.c3 Na7c8
13.f3 exf3
14.Bg2xf3 Bb7d5
15.Bf3xd5 exd5
16.Ng4f2 Bd6xg3
17.Rh1g1 Qd8d6
18.Qd1f3 Bg3xf2
19.Kf1 O-O
20.Qf3xf2 Nc8e7
21.b3 Ra8e8
22.b4 Ne7c6
23.h4 Nc6d8
24.a4 Re8e6
25.Bc1b2 Re6f6
26.Qf2xf6 Qd6xf6
27.Ke2 Rf8e8
28.Rg1g4 Qf6f5
29.Rg4g5 Qf5c2
30.Kf3 Qc2xb2
31.Ra1e1 Qb2xc3
32.Re1e2 Qc3xb4
33.Re2a2 Qb4b3
34.Ra2a1 Qb3xe3
35.Kg4 Re8e4
36.Kh5 Qe3f3
37.Rg5g4 Qf3xg4

0-1

[Event "Match"]
[Site "www.echecsemail.com"]
[Date "2017.09.25"]
[Round "1"]
[White "Billyg"]
[Black "Coraza"]
[WhiteElo "1730"]
[BlackElo "1860"]
[Result "1-0"]
[Round "1"]
1.e4 e5
2.Ng1f3 Nb8c6
3.Bf1b5 Nc6d4
4.Nf3xd4 exd4
5.O-O c6
6.Bb5c4 b5
7.Bc4b3 c5
8.d3 Bc8a6
9.Qd1f3 Qd8f6
10.Qf3xf6 Ng8xf6
11.Rf1e1 c4
12.dxc4 bxc4
13.Bb3a4 Bf8c5
14.Nb1d2 O-O
15.e5 Rf8e8
16.Nd2f3 Nf6d5
17.Ba4xd7 Re8e7
18.Bd7c6 Ra8d8
19.Bc1g5 f6
20.exf6 gxf6
21.Re1xe7 Nd5xe7
22.Bg5xf6 Kf7
23.Bf6xe7 Kxe7
24.Ra1e1 Kd6
25.Bc6a4 Rd8b8
26.b3 Bc5b4
27.Re1d1 Kd5
28.Rd1xd4 Kc5
29.Rd4d7 h5
30.Rd7xa7 Ba6c8
31.Nf3e5 Kd5
32.Ne5xc4 Bc8f5
33.Nc4e3 Kd4
34.Ne3xf5 Kc3
35.Nf5e3 Kb2
36.Ne3d5 Rb8e8
37.Nd5e3 Re8d8
38.Ba4c6 Bb4c5
39.Bc6f3 Bc5xa7
40.h3 Kxa2
41.Bf3xh5 Ba7xe3
42.fxe3 Rd8c8
43.Bh5d1 Rc8d8
44.Bd1e2 Kb2
45.Be2d3 Kc3
46.h4 Rd8e8
47.h5 Re8xe3
48.h6 Re3e8
49.h7 Re8e1
50.Kf2 Re1e8
51.g4 Re8f8
52.Kg3 Kd2
53.g5 Ke3
54.g6 Rf8f3
55.Kg4 Rf3f4
56.Kh5 { resign }
1-0

[Event "1/128 Finale"]
[Site "www.chess-mail.com"]
[Date "2017.09.25"]
[Round "1"]
[White "Guidom"]
[Black "Squeakysquaw"]
[WhiteElo "2120"]
[BlackElo "1499"]
[Result "1-0"]
[Round "1"]
1.e4 e5
2.Ng1f3 Nb8c6
3.Bf1b5 a6
4.Bb5a4 Ng8f6
5.O-O Bf8c5
6.d3 O-O
7.Ba4xc6 dxc6
8.Nf3xe5 Rf8e8
9.Ne5f3 Bc8g4
10.Bc1e3 Qd8e7
11.Nb1c3 Ra8d8
12.Qd1e2 b5
13.h3 Bg4c8
14.Be3g5 h6
15.Bg5h4 Bc5b6
16.Rf1e1 Bb6a5
17.a3 Ba5xc3
18.bxc3 g5
19.Bh4g3 Nf6h5
20.Nf3d4 Nh5xg3
21.fxg3 Bc8b7
22.Qe2f2 Rd8d7
23.Re1f1 Re8f8
24.Nd4f5 Qe7f6
25.Qf2f3 Kh8
26.Qf3h5 Kh7
27.e5 Qf6g6
28.Qh5g4 Rd7d8
29.d4 Rf8e8
30.Rf1f2 Bb7c8
31.Ra1f1 h5
32.Qg4e2 c5
33.g4 h4
34.Nf5e3 Rd8d7
35.Rf2f6 Qg6g8
36.Qe2d3 Kg7
37.Qd3f5 Rd7e7
38.Qf5xg5 Kf8
39.Qg5xh4 Qg8g7
40.Rf6xa6 Bc8xa6
41.Ne3f5 { resign }
1-0